000 00352nam a2200145Ia 4500
008 230917s9999||||xx |||||||||||||| ||und||
040 _e47888
_aMAIN
041 _aEnglish
082 _a181.4 S64R
100 _aSinha, K P
245 0 _aReflexions on Indian philosophy
260 _aVaranasi
_bChaukhamba
_c1984
300 _avii, 308 p.
942 _cBK
999 _c52054
_d52054